Online Catalogue and eLibrary

Dignity for all : (Record no. 458)

MARC details
000 -LEADER
fixed length control field 00790cam a2200229 a 4500
001 - CONTROL NUMBER
control field 2973984
005 - DATE AND TIME OF LATEST TRANSACTION
control field 20240221055809.0
008 - FIXED-LENGTH DATA ELEMENTS--GENERAL INFORMATION
fixed length control field 911108s1991 ii b 011 0 eng
020 ## - INTERNATIONAL STANDARD BOOK NUMBER
ISBN 8120203186
040 ## - CATALOGING SOURCE (பட்டியலாக்க மூலம்)
Original cataloging agency DLC
Transcribing agency DLC
Modifying agency DLC
082 00 - DDC Classification
Class No. 320.531.
DDC Edition Number 20
Item Number - Author Mark DIG.
245 00 - TITLE STATEMENT
Title Dignity for all :
Remainder of title essays in socialism and democracy /
Statement of responsibility, etc. edited by George Mathew.
260 ## - PUBLICATION, DISTRIBUTION, ETC.
Place of publication, distribution, etc. Delhi :
Name of publisher, distributor, etc. Ajanta Publications (India) :
-- Distributors, Ajanta Books International,
Date of publication, distribution, etc. 1991.
300 ## - PHYSICAL DESCRIPTION
Extent (e.g. Volumes, Pages etc.) xvi, 224 p. ;
500 ## - GENERAL NOTE
General note Festschrift honoring George Fernandes, b. 1930, politician and former union minister of India on his 60th birthday.
500 ## - GENERAL NOTE
General note Includes index.
650 #0 - SUBJECT ADDED ENTRY--TOPICAL TERM
Topical term or geographic name entry element Socialism
650 #0 - SUBJECT ADDED ENTRY--TOPICAL TERM
Topical term or geographic name entry element Socialism.
700 1# - ADDED ENTRY--PERSONAL NAME
Personal name Mathew, George,
Relator term (Role) Editor
700 1# - ADDED ENTRY--PERSONAL NAME
Personal name Fernandes, George,
Relator term (Role) Editor
942 ## - Koha item type (Biblio)
Koha item type Books in Stacks (Lending)
Holdings
Lost status Damaged status Collection code Home library Current library Date acquired Full call number Accession Number Item type
    Lending WERC Library WERC Library 02/21/2024 320.531. DIG. 534 Books in Stacks (Lending)

© WERC Library